Polskie miasta na Z według podpowiedzi - Statystyki

Ogólne statystyki
  • Ten quiz został rozwiązany 120 razy
  • Średni wynik to 6 z 10
Statystyki odpowiedzi
Podpowiedź Miasto % Poprawnych
Zimowa stolica Polski, tamtejsza ulica Krupówki stanowi słynny deptak. Zakopane
97%
Znajduje się tam park rozrywki Energylandia. Zator
84%
Ratusz oraz kamienice ormiańskie w tym mieście ujęto na miniaturce tego quizu. Zamość
78%
Maskotką miejscowego klubu żużlowego jest Myszka Miki. Zielona Góra
74%
Od południa sąsiaduje bezpośrednio z Łodzią. Zgierz
68%
Leży tam zabytkowa Kopalnia Guido oraz Sztolnia Królowa Luiza. Zabrze
65%
Największe miasto w Polsce bez stacji Orlen, leżące w aglomeracji warszawskiej. Ząbki
54%
Najstarsze miasto w Polsce, starsze nawet od Kalisza. Złotoryja
40%
Węzeł kolejowy na zachodzie woj. łódzkiego, między Łodzią, a Ostrowem Wielkopolskim. Zduńska Wola
35%
Miasto w zachodniej Krajnie, w województwie wielkopolskim. Złotów
25%
Nie znaleziono quizów pasujących do podanych kryteriów
Rozkład punktacji
Procent ludzi z każdym wynikiem
Percentyl według liczby udzielonych odpowiedzi
Twoja historia wyników
Nie rozwiązałeś tego quizu